Catálogo público

Influencia de la salinidad en la tolerancia al estrés hídrico de las plántulas de Rhizophora mangle L. / (Record no. 220077)

MARC details
000 -CABECERA
campo de control de longitud fija 03338nam a2200325 a 4500
003 - IDENTIFICADOR DEL NÚMERO DE CONTROL
campo de control OSt
005 - FECHA Y HORA DE LA ÚLTIMA TRANSACCIÓN
campo de control 20250807094240.0
007 - CAMPO FIJO DE DESCRIPCIÓN FÍSICA--INFORMACIÓN GENERAL
campo de control de longitud fija cr ||||||a|c|a
008 - DATOS DE LONGITUD FIJA--INFORMACIÓN GENERAL
campo de control de longitud fija 240814s2024 mx a|||fom||| |01 0 spa d
040 ## - FUENTE DE LA CATALOGACIÓN
Normas de descripción rda
100 1# - ENTRADA PRINCIPAL--NOMBRE DE PERSONA
Nombre de persona Martínez Reyes, Gisell Celeste
9 (RLIN) 189417
245 10 - MENCIÓN DE TÍTULO
Título Influencia de la salinidad en la tolerancia al estrés hídrico de las plántulas de Rhizophora mangle L. /
Mención de responsabilidad, etc. por Gisell Celeste Martínez Reyes; director de tesis Roberth Armando Us Santamaría; secretario Diana Jacqueline Cisneros de la Cruz; vocal José Armando Gil Vera Castillo; suplente Sara Gabriela Cerón Aguilera; suplente Yolanda Franco Islas.
264 #1 - PRODUCCIÓN, PUBLICACIÓN, DISTRIBUCIÓN, FABRICACIÓN Y COPYRIGHT
Producción, publicación, distribución, fabricación y copyright Chapingo, México :
Nombre del de productor, editor, distribuidor, fabricante El autor,
Fecha de producción, publicación, distribución, fabricación o copyright 2024.
300 ## - DESCRIPCIÓN FÍSICA
Extensión 1 recurso en línea (72 páginas):
Otras características físicas tablas, figuras.
336 ## - TIPO DE CONTENIDO
Fuente rdacontent
Término de tipo de contenido texto
Código de tipo de contenido txt
337 ## - TIPO DE MEDIO
Fuente rdamedia
Nombre/término del tipo de medio computadora
Código del tipo de medio c
338 ## - TIPO DE SOPORTE
Fuente rdacarrier
Nombre/término del tipo de soporte recurso en línea
Código del tipo de soporte cr
502 ## - NOTA DE TESIS
Tipo de título Ingeniería en Restauración Forestal
Nombre de la institución que otorga el título División de Ciencias Forestales,
Año de obtención del título 2024.
Información miscelánea Licenciatura
504 ## - NOTA DE BIBLIOGRAFÍA, ETC.
Nota de bibliografía, etc. Incluye referencias bibliográficas: páginas 57-66.
520 ## - SUMARIO, ETC.
Sumario, etc. El estrés hídrico en manglares es ocasionado por diversas actividades antrópicas y naturales que modifican el régimen hidrológico, ocasionando salinización del sustrato y eventual muerte de las plantas. En estos casos, la etapa de plántula es la más vulnerable y su supervivencia es crucial para la continuidad de las poblaciones de manglar. Con el objetivo de analizar las respuestas fisiológicas relacionadas con la tolerancia al estrés hídrico de las plántulas de Rhizophora mangle, se cultivaron plántulas en salinidades contrastantes (0 y 35 ppm) y posteriormente se suspendió el riego durante 30 días. Se midieron variables fisiológicas (fluorescencia máxima de la clorofila, tasas de conductancia estomática, asimilación de CO2 y transpiración máxima, potencial hídrico foliar mínimo y máximo, capacitancia foliar, área foliar, fracción de masa foliar, área foliar específica, razón de raíz/parte aérea, longitud y peso seco de los tallos) y el porcentaje de supervivencia antes y después de la suspensión del riego (a los 15 y 30 días). Las plántulas que crecieron con salinidad realizaron un uso más conservativo del agua, con menor área foliar, tasa de conductancia estomática y potencial hídrico, lo que les confirió mayor tolerancia al estrés hídrico después de 30 días sin riego. En contraste las plántulas sin salinidad tuvieron una mayor tasa de crecimiento, pero mayor vulnerabilidad y por tanto mortalidad después de los 15 días. Las condiciones ambientales en las que crecen las plántulas de R. mangle son determinantes para su tolerancia al estrés hídrico, aquellas que crecen a mayor salinidad son menos vulnerables a los cambios hidrológicos del sitio.
650 #4 - PUNTO DE ACCESO ADICIONAL DE MATERIA--TÉRMINO DE MATERIA
Término de materia o nombre geográfico como elemento de entrada Salinidad efecto en Rhizophora mangle
9 (RLIN) 189418
650 #4 - PUNTO DE ACCESO ADICIONAL DE MATERIA--TÉRMINO DE MATERIA
Término de materia o nombre geográfico como elemento de entrada Estrés de sequía
9 (RLIN) 38473
700 1# - PUNTO DE ACCESO ADICIONAL--NOMBRE DE PERSONA
Nombre de persona Us Santamaría, Roberth Armando
9 (RLIN) 187167
Término indicativo de función/relación Director de tesis.
700 1# - PUNTO DE ACCESO ADICIONAL--NOMBRE DE PERSONA
Nombre de persona Cisneros de la Cruz, Diana Jaqueline
9 (RLIN) 189419
Término indicativo de función/relación Secretario.
700 0# - PUNTO DE ACCESO ADICIONAL--NOMBRE DE PERSONA
Nombre de persona Vera Castillo, José Amando Gil
Término indicativo de función/relación Vocal.
9 (RLIN) 118764
700 1# - PUNTO DE ACCESO ADICIONAL--NOMBRE DE PERSONA
Nombre de persona Cerón Aguilera, Sara Gabriela
9 (RLIN) 189420
Término indicativo de función/relación Suplente.
700 1# - PUNTO DE ACCESO ADICIONAL--NOMBRE DE PERSONA
Nombre de persona Franco Islas, Yolanda
9 (RLIN) 42965
Término indicativo de función/relación Suplente.
856 ## - LOCALIZACIÓN Y ACCESO ELECTRÓNICOS
Identificador Uniforme del Recurso http://10.13.5.2/tesis/tl/1211522-9_MARTINEZ_REYES_GISELLCELESTE.pdf
Nota pública DESCARGAR PDF
942 ## - ELEMENTOS DE PUNTO DE ACCESO ADICIONAL (KOHA)
Fuente del sistema de clasificación o colocación Clasificación Universidad Autónoma Chapingo
Tipo de ítem Koha Tesis digital
Holdings
Estado de retiro Estado de pérdida Fuente del sistema de clasificación o colocación Estado dañado Restricciones de uso No para préstamo Código de colección Localización permanente Ubicación/localización actual Ubicación en estantería Fecha de adquisición Total de préstamos Signatura topográfica completa Fecha visto por última vez Precio válido a partir de Tipo de ítem Koha
    Clasificación Universidad Autónoma de Chapingo   Préstamo interno   Tesis digitales de Licenciatura Biblioteca Digital Biblioteca Digital En línea 14/08/2024   Tesis digital 14/08/2024 14/08/2024 Tesis digital